Квиз о Данској - Statistics

General Stats
  • This quiz has been taken 222 times
  • The average score is 11 of 23
Answer Stats
Опис Одговор % Correct
Званични језик Дански
99%
Главни град Копенхаген
99%
Држава с којом се граничи Немачка
87%
Највеће острво на свету Гренланд
79%
Валута Круна
75%
Мора на која Данска излази Северно море
75%
Шарене пластичне коцкице Лего
72%
Чувени писац бајки Ханс Кристијан Андерсен
67%
Мора на која Данска излази Балтичко море
67%
Шекспирова драма смештена у Данској Хамлет
65%
Статуа у луци главног града Мала {Сирена}
60%
У Данској ова домаћа животиња је пет пута бројнија од броја становника Свиња
44%
Главно полуострво Јиланд
42%
Дански архипелаг који се налази око 320 км северно од Шкотске Фарска острва
38%
Најпопуларнија врста пива на свету Карлсберг
32%
Највећа хришћанска деноминација Лутерани
19%
Други највећи град Орхус
18%
Познати егзистенцијални филозоф Серен Киркегор
16%
Острво са највише становника Селанд
15%
Тренутни владар Маргарета II
13%
"Аутономни" хипи комшилуку главном граду Кристијанија
9%
Дански капетан који је био истраживач у служби Русије Витус Беринг
9%
Парк отворен 1843. {Тиволи} вртови
8%
No matching quizzes found
Score Distribution
Percent of People with Each Score
Percentile by Number Answered
Your Score History
You have not taken this quiz